|
|
|
|
| LEADER |
00000nam0a2200000 4500 |
| 001 |
207618 |
| 005 |
20231101225418.0 |
| 010 |
|
|
|a 9785723709089
|
| 035 |
|
|
|a (RuTPU)RU\TPU\book\226544
|
| 090 |
|
|
|a 207618
|
| 100 |
|
|
|a 20120126d2011 k y0rusy50 ca
|
| 101 |
0 |
|
|a rus
|
| 102 |
|
|
|a RU
|
| 105 |
|
|
|a a z 001zy
|
| 200 |
1 |
|
|a Чувствительность твердых взрывчатых систем к удару
|f А. В. Дубовик
|g Российский химико-технологический университет им. Д. И. Менделеева (РХТУ); Российская академия наук (РАН), Институт химической физики им. Н. Н. Семенова (ИХФ)
|
| 210 |
|
|
|a Москва
|c Изд-во РХТУ
|d 2011
|
| 215 |
|
|
|a 276 с.
|c ил.
|
| 320 |
|
|
|a Библиография в конце глав.
|
| 330 |
|
|
|a В книге изложены современные представления о закономерностях процесса возбуждения и развития взрыва в твердых взрывчатых веществах (ВВ) при механических воздействиях - ударе, быстром сдвиге, при воздействии слабой ударной волны, т.е. при тех видах внешних нагрузок, которые происходят при производстве, хранении и транспортировке изделий из ВВ. Рассмотрены основные положения динамики удара по зарядам ВВ. приведены новые экспериментальные данные о механическом поведении ВВ при ударе, разработаны математические модели, описывающие вязкопластическую деформацию, диссипативный разогрев, инициирование и распространение взрыва в зарядах ВВ. в том числе в системах типа окислитель-горючее, вплоть до установления в них низкоскоростной детонации. Введены критерии оценки чувствительности к удару и опасности в обращении с зарядами ВВ. Сообщается о разработке метода испытаний твердых ВВ на ч\"вствительность к удару, не нуждающегося в использовании сложного лабораторного оборудования. Приведены данные о чувствительности ряда твердых взрывчатых систем, ставших объектом исследований автора.Предназначена для научных работников, преподавателей, аспирантов и студентов старших курсов, специализирующихся на вопросах повышения взрывобезопасности производства и эксплуатации взрывчатых материалов.
|
| 606 |
1 |
|
|a Взрывчатые вещества, твердые
|x Чувствительность к удару
|2 stltpush
|3 (RuTPU)RU\TPU\subj\71459
|9 85359
|
| 610 |
1 |
|
|a испытания
|
| 610 |
1 |
|
|a копры
|
| 610 |
1 |
|
|a удар
|
| 610 |
1 |
|
|a динамика
|
| 610 |
1 |
|
|a взрыв
|
| 610 |
1 |
|
|a возникновение
|
| 610 |
1 |
|
|a взрывчатые смеси
|
| 610 |
1 |
|
|a физико-механические свойства
|
| 610 |
1 |
|
|a взрывчатые свойства
|
| 610 |
1 |
|
|a взрывчатые свойства
|
| 610 |
1 |
|
|a инициирование
|
| 610 |
1 |
|
|a ударные волны
|
| 610 |
1 |
|
|a слабая интенсивность
|
| 610 |
1 |
|
|a порошкообразные взрывчатые вещества
|
| 610 |
1 |
|
|a заряды
|
| 610 |
1 |
|
|a детонация
|
| 675 |
|
|
|a 662.2
|v 3
|
| 700 |
|
1 |
|a Дубовик
|b А. В.
|g Александр Владимирович
|
| 712 |
0 |
2 |
|a Российский химико-технологический университет им. Д. И. Менделеева (РХТУ)
|c (Москва)
|2 stltpush
|3 (RuTPU)RU\TPU\col\55
|
| 712 |
0 |
2 |
|a Российская академия наук (РАН)
|b Институт химической физики им. Н. Н. Семенова (ИХФ)
|c (Москва)
|2 stltpush
|3 (RuTPU)RU\TPU\col\881
|
| 801 |
|
1 |
|a RU
|b 63413507
|c 20120126
|
| 801 |
|
2 |
|a RU
|b 63413507
|c 20150708
|g RCR
|
| 942 |
|
|
|c BK
|
| 959 |
|
|
|a 4/20120126
|d 2
|e 550,00
|f ЧЗТЛ:1
|f АНЛ:1
|